| 000 | 00657ntaaa2200241 4500 | ||
|---|---|---|---|
| 003 | 01 | ||
| 005 | 20251027203301.0 | ||
| 008 | 0714s1973 ag 01 | ||
| 020 | _a9500120267 | ||
| 040 |
_aAR-BaBN _bspa _cAR-BaBN _eaacr _dRIC |
||
| 082 | _a225.924 G18 | ||
| 100 |
_aGarófalo, Salvatore _931953 |
||
| 245 |
_aSan Pablo / _cSalvatore Garófalo, traducido por Marcelino Miani |
||
| 250 | _a1ª ed. | ||
| 260 |
_aBuenos Aires : _bClaretiana, _c1982 |
||
| 300 | _a86 p. | ||
| 650 |
_aBIBLIA _9468 |
||
| 650 | _aNUEVO TESTAMENTO | ||
| 650 |
_aSAN PABLO _910025 |
||
| 650 |
_aBIOGRAFIA _91311 |
||
| 700 |
_aMiani, Marcelino _etraductor _935758 |
||
| 942 | _cBK | ||
| 999 |
_c28293 _d28293 |
||